5 most Populous Cities Starting with R in each Continent - Statistics

General Stats
  • This quiz has been taken 41 times
  • The average score is 11 of 30
Answer Stats
Continent Population Country City % Correct
Europe 2,318,895 Italy Rome
100%
Asia 788,915 Pakistan Rahim Yar Khan
95%
South America 6,023,699 Brazil Rio de Janeiro
95%
Europe 598,199 Netherlands Rotterdam
95%
Europe 742,572 Latvia Riga
93%
Africa 1,655,753 Morocco Rabat
88%
Asia 4,205,961 Saudi Arabia Riyadh
88%
South America 1,478,098 Brazil Recife
63%
South America 1,173,533 Argentina Rosario
63%
North America 451,066 United States Raleigh
58%
Asia 1,743,101 Pakistan Rawalpindi
55%
North America 220,289 United States Richmond
50%
Europe 1,074,482 Russia Rostov-on-Don
38%
North America 322,424 United States Riverside
23%
North America 241,445 United States Reno
18%
Asia 1,177,362 India Rajkot
13%
North America 589,466 Mexico Reynosa
13%
Oceania 65,901 New Zealand Rotorua
13%
Europe 520,173 Russia Ryazan
8%
Asia 846,454 India Ranchi
5%
South America 406,802 Brazil Ribeirao das Neves
3%
Africa 135,281 Sudan Rabak
0%
Africa 337,053 South Africa Randburg
0%
Oceania 47,637 Australia Reservoir
0%
South America 619,746 Brazil Ribeirao Preto
0%
Africa 252,968 South Africa Richards Bay
0%
Oceania 61,724 Australia Rockhampton
0%
Oceania 108,022 Australia Rockingham
0%
Africa 225,000 South Africa Roodepoort
0%
Oceania 34,145 Australia Rowville
0%
No matching quizzes found
Score Distribution
Percent of People with Each Score
Percentile by Number Answered
Your Score History
You have not taken this quiz